Normal view
MARC view
- Marne, 1st Battle of the, France, 1914
Entry Topical Term
001 - CONTROL NUMBER
- control field: 49596
003 - CONTROL NUMBER IDENTIFIER
- control field: NUST
005 - DATE AND TIME OF LATEST TRANSACTION
- control field: 20210314134402.0
008 - FIXED-LENGTH DATA ELEMENTS
- fixed length control field: 210314|| aca||aabn | a|a d
040 ## - CATALOGING SOURCE
- Original cataloging agency: NUST
- Transcribing agency: NUST
150 ## - HEADING--TOPICAL TERM
- Topical term or geographic name entry element: Marne, 1st Battle of the, France, 1914
670 ## - SOURCE DATA FOUND
- Source citation: Work cat.: (NUST): Perris, G. H. 49595, The battle of the Marne, [1920]
